1251 1746 1869 1196 1763 1433 1010 1274 1689 1592 1817 1862 1836 1886 1584 1511 1956 1809 1075 1477 1208 1366 1930 1467 1294 1901 1218 1869 1622 1218 1706 1040 1987 1485 1855 1901 1873 1281 1908 1420 1807 1313 1082 1080 1937 1911 1027 1303 1801 1076 1750 1717 1244 1424 1746 1354 1165 1578 1850 1953 1957 1428 1815 1999 1519 1270 1051 1892 1985 1448 1160 1282 1470 1573 1518 1104 1389 1459 1264 1820 1531 1052 1075 1878 1260 1790 1127 1747 1931 1916 1846 1924 1553 1439 1840 1600 1348 1953 1596 BCNSPRNW ULIB Ver.6.0+V

เปลี่ยนเป็นภาษาไทย

Change to English
 แสดงรายละเอียดบรรณานุกรม
  กลับหน้าหลัก

Brief Record : Get Marc (ISO 2709) : E-mail record : QR code < ปิดหน้าต่าง
LEADER : 00000nam 2200000uu 4500
001    13399114279
003     ULIB
008    110627s||||||||th 000 0 tha d
020    9789749140869
090    นว.^bช516ค
100 0  ชาติ กอบจิตติ
245 00 คำพิพากษา/^cชาติ กอบจิตติ
250    พิมพ์ครั้งที่ 4
260    กรุงเทพฯ :^bพี เอ ลิฟวิ่ง,^c2547
300    328 หน้า
710 1  พี เอ ลิฟวิ่ง
945    ^p265^l0^i022048
995    ทศพร
999 ^a ใช้งานได้ทุกระบบ
รายการนี้ยังไม่มีแท็ก
คุณยังไม่ได้ล็อกอิน คุณสามารถมีกิจกรรมร่วมกับเว็บไซต์ได้ แต่ต้องล็อกอินก่อน ::
  ล็อกอิน

รายการสื่อสารสนเทศ

ลำดับที่ ประเภท เลขเรียก/บาร์โค้ด สถานที่ สถานะ
1. นวนิยาย
นวนิยาย
นว. ช516ค ฉ.1 
  Barcode: 022048
ห้องสมุดวิทยาเขตสวรรค์ประชารักษ์
►นวนิยาย
บนชั้น
  ขอยืม

BibComment


ยังไม่เคยถูกคอมเมนท์

คอมเมนท์ทรัพยากรรายการนี้
  คอมเมนท์: คำพิพากษา ชาติ ก..


 Copyright 2026. Bcnsprnw @Library